<?xml version="1.0" encoding="UTF-8"?>
<collection xmlns="http://www.loc.gov/MARC21/slim">
 <record>
  <leader>02874nam a22002657a 4500</leader>
  <controlfield tag="001">NCT_32391</controlfield>
  <controlfield tag="008">180423b        xxu||||| |||| 00| 0 vie d</controlfield>
  <datafield tag="999" ind1=" " ind2=" ">
   <subfield code="c">1557</subfield>
   <subfield code="d">1557</subfield>
  </datafield>
  <datafield tag="020" ind1=" " ind2=" ">
   <subfield code="c">29000</subfield>
  </datafield>
  <datafield tag="082" ind1="0" ind2="4">
   <subfield code="2">23rd ed.</subfield>
   <subfield code="a">617.7</subfield>
   <subfield code="b">D121</subfield>
  </datafield>
  <datafield tag="100" ind1="1" ind2=" ">
   <subfield code="a">Phan Dẫn</subfield>
  </datafield>
  <datafield tag="245" ind1="1" ind2="0">
   <subfield code="a">Phẫu thuật xử trí chấn thương nhãn cầu</subfield>
   <subfield code="c">Phan Dẫn, Mai Quốc Tùng, Phạm Trọng Văn</subfield>
  </datafield>
  <datafield tag="260" ind1=" " ind2=" ">
   <subfield code="a">H.</subfield>
   <subfield code="b">Y học</subfield>
   <subfield code="c">2006</subfield>
  </datafield>
  <datafield tag="300" ind1=" " ind2=" ">
   <subfield code="a">261 tr.</subfield>
   <subfield code="b">Hình vẽ</subfield>
   <subfield code="c">19cm</subfield>
  </datafield>
  <datafield tag="520" ind1="3" ind2=" ">
   <subfield code="a"> Phần I: Đụng giập mắt bao gồm: Đụng giập mi mắt, kết mạc, màng bồ đào... Những tổn thương này chỉ được mô tả một cách sơ lược cùng với cách xử trí bước đầu; còn đi sâu giải quyết từng trường hợp cụ thể như vỡ củng mạc, rách giác mạc,kẹt mống mắt... thì xem ở phần III.  - Phần II: Vết thương nông của nhãn cầu gồm: Vết thương làm rách kết mạc, xước giác mạc, dị vật ở giác mạc, kết mạc; những tổn thương nông của nhãn cầu phần lớn mau lành và đôi khi không để lại sẹo; cũng nên nhớ rằng thương tích nhỏ này nếu không được điều trị đúng thì có thể dẫn đến kết quả xấu.  - Phần III: Chấn thương xuyên nhãn cầu: Đây là phần trọng tâm của quyển sách này. Nó mô tả tương đối đầy đủ những vết thương xuyên nhãn cầu. Từ vết rách giác mạc đến bong võng mạc, từ dị vật nội nhãn đến lỗ hoàng điểm... đồng thời cũng nêu rất chi tiết những phương pháp xử trí đối với từng loại thương tổn của mắt.</subfield>
  </datafield>
  <datafield tag="653" ind1=" " ind2=" ">
   <subfield code="a">Y đa khoa</subfield>
  </datafield>
  <datafield tag="700" ind1="1" ind2=" ">
   <subfield code="a">Mai Quốc Tùng</subfield>
  </datafield>
  <datafield tag="700" ind1="1" ind2=" ">
   <subfield code="a">Phạm Trọng Văn</subfield>
  </datafield>
  <datafield tag="942" ind1=" " ind2=" ">
   <subfield code="2">ddc</subfield>
   <subfield code="c">BK</subfield>
  </datafield>
  <datafield tag="952" ind1=" " ind2=" ">
   <subfield code="0">0</subfield>
   <subfield code="1">0</subfield>
   <subfield code="2">ddc</subfield>
   <subfield code="4">0</subfield>
   <subfield code="6">617_700000000000000_D121</subfield>
   <subfield code="7">0</subfield>
   <subfield code="9">7499</subfield>
   <subfield code="a">000001</subfield>
   <subfield code="b">000001</subfield>
   <subfield code="d">2018-04-23</subfield>
   <subfield code="o">617.7 D121</subfield>
   <subfield code="p">MD.11567</subfield>
   <subfield code="r">2018-04-23</subfield>
   <subfield code="v">29000.00</subfield>
   <subfield code="w">2018-04-23</subfield>
   <subfield code="y">BK</subfield>
  </datafield>
  <datafield tag="952" ind1=" " ind2=" ">
   <subfield code="0">0</subfield>
   <subfield code="1">0</subfield>
   <subfield code="2">ddc</subfield>
   <subfield code="4">0</subfield>
   <subfield code="6">617_700000000000000_D121</subfield>
   <subfield code="7">0</subfield>
   <subfield code="9">7500</subfield>
   <subfield code="a">000001</subfield>
   <subfield code="b">000001</subfield>
   <subfield code="d">2018-04-23</subfield>
   <subfield code="o">617.7 D121</subfield>
   <subfield code="p">MD.11433</subfield>
   <subfield code="r">2018-04-23</subfield>
   <subfield code="v">29000.00</subfield>
   <subfield code="w">2018-04-23</subfield>
   <subfield code="y">BK</subfield>
  </datafield>
  <datafield tag="952" ind1=" " ind2=" ">
   <subfield code="0">0</subfield>
   <subfield code="1">0</subfield>
   <subfield code="2">ddc</subfield>
   <subfield code="4">0</subfield>
   <subfield code="6">617_700000000000000_D121</subfield>
   <subfield code="7">0</subfield>
   <subfield code="9">7501</subfield>
   <subfield code="a">000001</subfield>
   <subfield code="b">000001</subfield>
   <subfield code="d">2018-04-23</subfield>
   <subfield code="o">617.7 D121</subfield>
   <subfield code="p">MD.10765</subfield>
   <subfield code="r">2018-04-23</subfield>
   <subfield code="v">29000.00</subfield>
   <subfield code="w">2018-04-23</subfield>
   <subfield code="y">BK</subfield>
  </datafield>
  <datafield tag="952" ind1=" " ind2=" ">
   <subfield code="0">0</subfield>
   <subfield code="1">0</subfield>
   <subfield code="2">ddc</subfield>
   <subfield code="4">0</subfield>
   <subfield code="6">617_700000000000000_D121</subfield>
   <subfield code="7">0</subfield>
   <subfield code="9">7502</subfield>
   <subfield code="a">000001</subfield>
   <subfield code="b">000001</subfield>
   <subfield code="d">2018-04-23</subfield>
   <subfield code="o">617.7 D121</subfield>
   <subfield code="p">MD.10766</subfield>
   <subfield code="r">2018-04-23</subfield>
   <subfield code="v">29000.00</subfield>
   <subfield code="w">2018-04-23</subfield>
   <subfield code="y">BK</subfield>
  </datafield>
  <datafield tag="952" ind1=" " ind2=" ">
   <subfield code="0">0</subfield>
   <subfield code="1">0</subfield>
   <subfield code="2">ddc</subfield>
   <subfield code="4">0</subfield>
   <subfield code="6">617_700000000000000_D121</subfield>
   <subfield code="7">0</subfield>
   <subfield code="9">7503</subfield>
   <subfield code="a">000001</subfield>
   <subfield code="b">000001</subfield>
   <subfield code="d">2018-04-23</subfield>
   <subfield code="o">617.7 D121</subfield>
   <subfield code="p">MD.10767</subfield>
   <subfield code="r">2018-04-23</subfield>
   <subfield code="v">29000.00</subfield>
   <subfield code="w">2018-04-23</subfield>
   <subfield code="y">BK</subfield>
  </datafield>
  <datafield tag="980" ind1=" " ind2=" ">
   <subfield code="a">Thư viện Trường Đại học Nam Cần Thơ</subfield>
  </datafield>
 </record>
</collection>
